|
|
|
|
| LEADER |
00000nam a2200000 4500 |
| 001 |
vtls012073084 |
| 003 |
SK-MaSNL |
| 005 |
20260302094446.0 |
| 007 |
co cg auuua |
| 008 |
211012s2020 xo | fqn 101 0 eng |
| 015 |
|
|
|a SNBS2021
|
| 020 |
|
|
|a 9788022750073
|q (elektronická kniha)
|
| 040 |
|
|
|a SNK
|b slo
|c SNK
|e rda
|
| 041 |
0 |
|
|a eng
|
| 044 |
|
|
|a xo
|c SK
|
| 072 |
|
7 |
|a 621.39
|x Oznamovacia technika
|2 konspekt
|
| 072 |
|
7 |
|a 004
|x Počítačová veda. Výpočtová technika. Informačné technológie
|2 konspekt
|
| 080 |
|
|
|a 004.032.6
|2 2011
|
| 080 |
|
|
|a 621.391.8
|2 2011
|
| 080 |
|
|
|a 621.39+004.7
|2 2011
|
| 080 |
|
|
|a (062.534)
|2 2011
|
| 080 |
|
|
|a (0.034.44)
|2 2011
|
| 111 |
2 |
|
|a Redžúr
|n (14. :
|d 2020 :
|c Bratislava, Slovensko)
|4 aut
|9 766393
|
| 245 |
1 |
0 |
|a Redžúr 2020
|b proceedings : 14th international workshop on multimedia information and communication technologies
|c edited by: Ivan Minárik, Gregor Rozinaj
|
| 264 |
|
1 |
|a Bratislava
|b Vydavateľstvo SPEKTRUM STU of the Slovak University of Technology in Bratislava
|c 2020
|
| 300 |
|
|
|a 1 CD-ROM
|c 12 cm
|
| 336 |
|
|
|a text
|b txt
|2 rdacontent
|
| 337 |
|
|
|a počítač
|b c
|2 rdamedia
|
| 338 |
|
|
|a počítačový disk
|b cd
|2 rdacarrier
|
| 347 |
|
|
|a textový súbor
|b PDF
|2 rda
|
| 500 |
|
|
|a Vydané v spolupráci so Združením používateľov telekomunikácií Slovenska
|
| 504 |
|
|
|a Obsahuje bibliografie a index autorov
|
| 650 |
0 |
7 |
|a multimediálne systémy
|2 SNKPH
|9 67451
|
| 650 |
0 |
7 |
|a spracovanie signálov
|2 SNKPH
|9 3973
|
| 650 |
0 |
7 |
|a komunikačné technológie
|2 SNKPH
|9 1529
|
| 650 |
0 |
7 |
|a Multimedia systems
|2 SNKPHeng
|9 315045
|
| 650 |
0 |
7 |
|a Signal processing
|2 SNKPHeng
|9 329034
|
| 650 |
0 |
7 |
|a Communication technology
|2 SNKPHeng
|9 267940
|
| 655 |
|
7 |
|a zborníky konferencií
|2 SNKPH
|9 70153
|
| 655 |
|
7 |
|a CD-ROM
|2 SNKPH
|9 70236
|
| 655 |
|
7 |
|a Proceedings of conferences
|2 SNKPHeng
|9 265791
|
| 700 |
1 |
|
|a Minárik, Ivan,
|d 1985-
|4 edt
|9 360315
|
| 700 |
1 |
|
|a Rozinaj, Gregor,
|d 1957-
|4 edt
|9 215181
|
| 710 |
2 |
|
|a Slovenská technická univerzita v Bratislave.
|b Fakulta elektrotechniky a informatiky
|4 pbl
|9 179801
|
| 919 |
|
|
|a 978-80-227-5007-3
|
| 958 |
|
|
|a NB
|
| 999 |
|
|
|c 1213232
|d 1215162
|
| 952 |
|
|
|a SNK
|b SNK
|y NEVYP
|7 1
|p 17A1466664
|o snkSCDM 12004
|i snk2021/15267
|8 0
|0 0
|1 0
|4 0
|d 2021-10-12
|l 0
|r 2026-02-24 23:19:19
|w 2026-02-24
|
| 952 |
|
|
|t snkRED 621.39
|a SNKMST
|b SNKMST
|y PREZ
|7 0
|p 17A1466665
|o snkSCDM 12004 D1
|i snk2021/15268
|8 0
|0 0
|1 0
|4 0
|d 2021-10-12
|l 0
|r 2025-08-12 00:00:00
|w 2026-02-24
|